|
|
|
|
| LEADER |
00657nam a22001697a 4500 |
| 020 |
|
|
|a 8180900134
|
| 082 |
|
|
|a 726.109 548 7
|b SUR/T.2
|
| 100 |
|
|
|a Suresh K M
|9 51815
|
| 245 |
|
|
|a Temples of Karnataka:
|b ground plans and elevations (v.2) Text/
|c by Suresh K M
|
| 260 |
|
|
|a Delhi:
|b Bharatiya Kala Prakashan,
|c 2003.
|
| 300 |
|
|
|a 490p.
|e 120 plates
|
| 650 |
|
|
|a Temple Architecture Karnataka
|9 51816
|
| 650 |
|
|
|a Architecture Karnataka
|9 51817
|
| 650 |
|
|
|a Arts
|9 51818
|
| 942 |
|
|
|c BK
|
| 999 |
|
|
|c 72464
|d 72464
|
| 952 |
|
|
|0 0
|1 0
|4 0
|6 R_726_109000000000000_548_7_SUR_T_2
|7 0
|9 93219
|a SSUS
|b SSUS
|c REF
|d 2018-06-18
|g 2400.00
|o R 726.109 548 7 SUR/T.2
|p 090099
|r 2018-06-18
|w 2018-06-18
|y REF
|